Neonatal Pain Suffering, Pain and Risk of Brain Damage in the Fetus and Newborn /

Until the 1980s it was denied that fetuses and neonates feel pain. With the advent of a deeper understanding of the pathophysiology and new diagnostic tools, the last 30 years have seen great developments in this field, but the treatment of neonatal and fetal pain is still a controversial issue and...

Full description

Bibliographic Details
Corporate Author: SpringerLink (Online service)
Other Authors: Buonocore, Giuseppe (Editor), Bellieni, Carlo V. (Editor)
Format: Electronic eBook
Language:English
Published: Milano : Springer Milan, 2008.
Subjects:
Online Access:Full Text via HEAL-Link
LEADER 04125nam a22005415i 4500
001 978-88-470-0732-1
003 DE-He213
005 20151204142023.0
007 cr nn 008mamaa
008 100301s2008 it | s |||| 0|eng d
020 |a 9788847007321  |9 978-88-470-0732-1 
024 7 |a 10.1007/978-88-470-0732-1  |2 doi 
040 |d GrThAP 
050 4 |a RJ1-570 
072 7 |a MJW  |2 bicssc 
072 7 |a MED069000  |2 bisacsh 
082 0 4 |a 618.92  |2 23 
245 1 0 |a Neonatal Pain  |h [electronic resource] :  |b Suffering, Pain and Risk of Brain Damage in the Fetus and Newborn /  |c edited by Giuseppe Buonocore, Carlo V. Bellieni. 
264 1 |a Milano :  |b Springer Milan,  |c 2008. 
300 |a XVI, 172 p.  |b online resource. 
336 |a text  |b txt  |2 rdacontent 
337 |a computer  |b c  |2 rdamedia 
338 |a online resource  |b cr  |2 rdacarrier 
347 |a text file  |b PDF  |2 rda 
505 0 |a Introduction: Pain and Suffering from the Womb Onwards? -- Introduction: Pain and Suffering from the Womb Onwards? -- Delivery and Pain -- Gonadal Hormones and Pain Modulation -- Stress and Pregnancy: CRF as Biochemical Marker -- Pain Control During Labour -- Fetal Pain -- Ultrasound and Fetal Stress: Study of the Fetal Blink-Startle Reflex Evoked by Acoustic Stimuli -- Prenatal Affective Exchanges and Their Subsequent Effects in Postnatal Life -- Pain in the Fetus -- New Insights into Prenatal Stress: Immediate and Long-Term Effects on the Fetus and Their Timing -- Neonatal Pain -- Pain Assessment and Spectral Analysis of Neonatal Crying -- Analgesic Procedures in Newborns -- Nonpharmacological Treatment of Neonatal Pain -- Sensory Saturation: An Analgesic Method -- Pharmacologic Analgesia in the Newborn -- Physical Stress Risk Agents in Incubators -- Pain: a Risk Factor for Brain Damage -- Neonatal Stressors -- New Insights into Neonatal Hypersensitivity -- From the Gate-Control Theory to Brain Programs for Neonatal Pain -- Pain and Communication -- Disclosure of Pathology to the Newborn’s Family -- Communication of Diagnosis: Pain and Grief in the Experience of Parents of Children with a Congenital Malformation -- Invest in Prenatal Life: a High-Yield Stock. 
520 |a Until the 1980s it was denied that fetuses and neonates feel pain. With the advent of a deeper understanding of the pathophysiology and new diagnostic tools, the last 30 years have seen great developments in this field, but the treatment of neonatal and fetal pain is still a controversial issue and a central topic, not only in specialties directly concerned with it, but also in bioethics. Some important issues are still under investigation. When does pain perception appear? Is it ethical to cure fetal pain? Does fetal pain have consequences for the developing brain? Can a fetus suffer? This volume aims to give an overview of current knowledge in the field. An international team of specialists has been assembled to evaluate neonatal and fetal pain from various points of view – neurological, pediatric, gynecological, anesthesiological – and with regard to possible consequences of pain (including psychological) for the brain. This book will be an invaluable resource for neonatologists, pediatricians, anesthesiologists, gynecologists, and other professionals involved in this field, and for postgraduate students in all disciplines. 
650 0 |a Medicine. 
650 0 |a Gynecology. 
650 0 |a Obstetrics. 
650 0 |a Neurology. 
650 0 |a Pain medicine. 
650 0 |a Pediatrics. 
650 0 |a Medical ethics. 
650 1 4 |a Medicine & Public Health. 
650 2 4 |a Pediatrics. 
650 2 4 |a Pain Medicine. 
650 2 4 |a Gynecology. 
650 2 4 |a Obstetrics/Perinatology. 
650 2 4 |a Neurology. 
650 2 4 |a Theory of Medicine/Bioethics. 
700 1 |a Buonocore, Giuseppe.  |e editor. 
700 1 |a Bellieni, Carlo V.  |e editor. 
710 2 |a SpringerLink (Online service) 
773 0 |t Springer eBooks 
776 0 8 |i Printed edition:  |z 9788847007314 
856 4 0 |u http://dx.doi.org/10.1007/978-88-470-0732-1  |z Full Text via HEAL-Link 
912 |a ZDB-2-SME 
950 |a Medicine (Springer-11650)